000 00571cas a22001694i 4500
999 _c50592
_d50592
001 768714001
003 CO-MdFUSB
005 20180310094419.0
008 180310s1998 cr ||||| |||| 00| 0 spa d
040 _aCO-MdFUSB
_bspa
_cCO-MdFUSB
_dCO-MdFUSB
041 _aspa
100 1 _aZuccherino, Daniel
_eautor
245 1 0 _aAbraham nos enseña la perfecta unión entre fe y vida
300 _aVolumen 4. Número 11 (1998), páginas 167-168
_c: 28 cm.
773 0 _tConquista Cristiana
_049446
_960311
_gVolumen 4. Número 11 (1998), páginas 167-168
_qpágina 167
942 _cANA